000 00637nam a2200217Ii 4500
003 JO-AjNU
008 230605s9999||||xx |||||||||||||| ||und||
017 _a1993/2141
020 _a977-00-4639-X
040 _aJO-AjNU
_bara
_erda
_cJO-AjNU
041 _aara
050 1 4 _aK5101.1993
100 3 _a صدقي ، عبد الرحيم ,
_eauthor
_919296
245 0 0 _aالغرض المعاصر للعقوبة
250 _a(د،ط)
264 3 1 _aالقاهرة : دار شمس المعرفة ، 1993
300 _a335ص
336 _atext
_btxt
_2rdacontent
337 _aunmediated
_bn
_2rdamedia
338 _avolume
_bnc
_2rdacarrier
999 _aA6339
_c9907
_d9907